LEADER 01238nam a2200301 a 4500 001 000000126353 003 CaOOAMICUS 005 20110922135225.0 008 110916s2011 it u000 u ita r 040 $aPUL$bita 041 1 $aita$hfre 082 04$a909 245 03$aLe guerre coloniali del Fascismo /$c[a cura di Angelo Del Boca ; H.W. Al-Hesnewi ... et al.]. 260 $aMilano :$bMondadori,$c©2011. 300 $aXXV, 552 p. ;$c18 cm 490 1 $aI classici della storia ;$v51 504 $aInclude riferimenti bibliografici ed indice. 650 4$aFascismo$xColonizzazione.$0(OLS)http://pul/subject/38229 700 1 $aDel Boca, Angelo.$0(OLS)http://pul/name/74083 700 1 $aHesnawi, Habib W. el-$0(OLS)http://pul/name/80369 830 0$aClassici della storia ;$v51.$0(OLS)http://pul/title/155349 850 $aPUL 852 $aPUL$W1$xSL Cons. Gen., Altre Classi 3$y75$m909 COLL 3.51$j145801$qDDC 21$B144614$CPULBib$Z2$F144614 $H117988 $82 941 1 $a9 996 $6082$a909$9(OLS)http://pul/classification/566 996 $6245$aLe guerre coloniali del Fascismo$9(OLS)http://pul/title/159570 996 $6260$aMilano :$bMondadori$9(OLS)http://pul/publisher/50297 LEADER 01192nam a2200301 a 4500 001 000000128892 003 CaOOAMICUS 005 20120516145417.0 008 120516s2011 sp a u000 u spa r 020 $a978-84-313-2770-5 040 $aPUL$bita 082 04$a342 100 1 $aLópez Guzmán, José.$0(OLS)http://pul/name/82493 245 11$a¿Qué es la objeción de conciencia? /$cJosé López Guzmán. 260 $aPamplona :$bEUNSA,$c©2011. 300 $a110 p. :$bill. ;$c17 cm 490 1 $aPersona y cultura ;$v04 504 $aBibliografia in nota. 650 4$aObiezione di coscienza.$0(OLS)http://pul/subject/9213 830 0$aPersona y cultura ;$v04.$0(OLS)http://pul/title/162876 850 $aPUL 852 $aPUL$W1$xSL Diritto e Scienze Sociali 3$y79$m342 LOPJO 1$j149247$qDDC 21$B147798$CPULBib$Z2$F147798 $H119635 $82 941 1 $a9 996 $6020$a978-84-313-2770-5$9(OLS)http://pul/number/149684 996 $6082$a342$9(OLS)http://pul/classification/678 996 $6245$a¿Qué es la objeción de conciencia?$9(OLS)http://pul/title/162875 996 $6260$aPamplona :$bEUNSA$9(OLS)http://pul/publisher/49839